[Event "Budapest Spring Festival 2018"]
[Site "Budapest"]
[Date "2018.04.19"]
[Round "2"]
[White "Maiorov, Nikita"]
[Black "Beshukov, Sergei"]
[Result "1-0"]
[WhiteElo "2543"]
[BlackElo "2389"]
[Annotator "TA"]
[PlyCount "81"]
[EventDate "2018.??.??"]
[EventType "swiss"]
[EventCountry "HUN"]
[SourceTitle "playchess.com"]
[Source "ChessBase"]
[SourceQuality "1"]

{[%evp 24,81,9,15,39,43,77,74,113,103,104,78,80,74,75,78,166,169,187,125,125,125,131,131,143,102,130,141,141,135,175,149,191,198,191,187,242,245,274,160,224,164,174,147,595,43,315,288,322,322,612,562,489,416,451,378,725,739,29985,12843]} 1. d4 d5 2. c4 c6 3. Nc3 Nf6 4. e3 e6 5. Nf3 Nbd7 6. Qc2 Bd6 7. Be2 O-O 8. O-O dxc4 9. Bxc4 b5 10. Bd3 Bb7 11. a3 a6 12. Ng5 {D46: Semi-Slav: 5 e3 Nbd7 6 Bd3, Black avoids the Meran} (12. b4 a5 13. Rb1 axb4 14. axb4 Qe7 15. e4 e5 16. Ne2 Bxb4 17. Ng3 g6 18. dxe5 Ng4 19. Bg5 Qc5 20. e6 fxe6 21. Qb3 Nde5 22. Qxe6+ Rf7 23. Nxe5 Nxe5 {1-0 (38) Morozevich,A (2700)-Navara,D (2708) Reggio Emilia 2011}) 12... h6 13. Nge4 {LiveBook: 5 Games} Nxe4 14. Nxe4 {White is slightly better.} Be7 15. b4 {[#]} e5 $146 ({Predecessor:} 15... a5) 16. Bb2 f5 17. Nc5 (17. dxe5 $6 fxe4 18. Qb3+ Kh8 $11) 17... Nxc5 18. dxc5 {[%cal Bd4c5,Bc5c6][%mdl 32]} e4 19. Be2 a5 (19... Qe8 $16) 20. a4 $18 (20. Qb3+ $6 Kh7 $16) 20... bxa4 {[#]} 21. b5 ({Don't take} 21. Rxa4 axb4 22. Rd1 (22. Rxb4 Bc8 $16) 22... Qe8 $16) (21. Rfd1 $1 $18 {[%cal Rd1d8]} Qc8 22. bxa5 (22. Rxa4 axb4 23. Qc4+ Kh7 $16)) 21... cxb5 $16 22. Bxb5 {Black must now prevent Rfd1.} Qc8 23. c6 $40 {[%mdl 128] aiming for Bc4+. Black is in trouble.} Ba6 24. Qxa4 Kh7 25. Bxa6 ({Of course not} 25. Qxa5 $6 Bxb5 26. Qxb5 Rb8 $11) 25... Rxa6 26. Rfc1 Qc7 27. Qc4 Rb6 28. Bd4 Rbb8 29. Qd5 Bd6 (29... Bb4 {might work better.} 30. Be5 Rbd8) 30. Rxa5 $18 Bxh2+ 31. Kh1 ({White should try} 31. Kf1 $18 Rbd8 32. Qa2) 31... Rbd8 $16 32. Qa2 Rxd4 33. exd4 {And now Ra7 would win.} e3 $2 {[%mdl 8192]} (33... Bf4 $16 {is tougher.}) 34. Ra4 $2 (34. Ra7 $18 Qf4 35. g3 Bxg3 36. fxg3 Qxg3 37. Qh2) 34... exf2 $2 {[%mdl 8192]} (34... Bf4 $1 $14) 35. Qxf2 $18 Bg3 {[#]} 36. Qf3 $1 f4 $2 (36... Bd6 37. Re1 Qd8) 37. Rca1 Qe7 38. Qg4 Re8 {( -> ...Qe1+!)} 39. Qf5+ Kh8 $2 (39... g6 40. Qd7 Qxd7 41. cxd7 Rd8) 40. Ra8 {White wants to mate with c7!} Qh4+ 41. Qh3 {Precision: White = 80%, Black = 31%.} 1-0

[Event "Budapest Spring Festival 2018"]
[Site "Budapest"]
[Date "2018.04.19"]
[Round "2"]
[White "Antal, Gergely"]
[Black "Polyik, Peter"]
[Result "1-0"]
[WhiteElo "2534"]
[BlackElo "2345"]
[Annotator "TA"]
[PlyCount "51"]
[EventDate "2018.??.??"]
[EventType "swiss"]
[EventCountry "HUN"]
[SourceTitle "playchess.com"]
[Source "ChessBase"]
[SourceQuality "1"]

{[%evp 19,51,20,49,13,21,6,39,16,120,100,93,106,206,187,370,370,537,461,494,487,483,462,584,574,525,560,782,797,799,742,977,942,1925,602]} 1. e4 c5 2. Nf3 e6 3. d4 cxd4 4. Nxd4 Nc6 5. Nc3 Qc7 6. Be3 a6 7. a3 b5 8. Nxc6 Qxc6 9. Be2 Bb7 {B49: Sicilian: Taimanov: 5 Nc3 Qc7 6 Be3 a6 7 Be2} 10. O-O Rc8 {LiveBook: 9 Games} 11. Qd2 Nf6 {The position is equal.} 12. Bf3 {Threatens to win with e5.} Qc4 $146 {[%cal Rf6e4]} ({Predecessor:} 12... Qc7 13. Bf4 e5 14. Bg5 Be7 15. Bxf6 Bxf6 16. Rfd1 Rd8 17. Qe2 {1-0 (45) Hou,Y (2663)-Potkin,V (2597) Almaty 2016}) 13. Rfd1 {next e5 is good for White.} b4 (13... d6 $11 {remains equal.}) 14. axb4 $16 Bxb4 15. Bd4 $1 {[%cal Rd4f6]} Qc7 (15... d6 $16) 16. Qg5 $36 {[%mdl 2048] Black is under strong pressure.} Be7 $2 (16... Kf8 {keeps fighting.} 17. Bxf6 gxf6 18. Qh6+ (18. Qxf6 Rg8 $16) 18... Ke8) 17. e5 $1 ({Not} 17. Qxg7 Rg8 $18) ({Less strong is} 17. Be5 d6 $14) 17... Bxf3 (17... Nd5 $142 18. Qxg7 Rf8 19. Nxd5 Bxd5 20. Bxd5 exd5) 18. exf6 {White is clearly winning.} gxf6 19. Qg7 Rf8 20. gxf3 Qc6 21. Rd3 d5 22. Bxf6 Kd7 {[#] Hoping for ...Rg8.} 23. Nxd5 $1 exd5 24. Qg4+ $1 Qe6 25. Rxd5+ Bd6 {[#]} 26. Rad1 {Precision: White = 62%, Black = 20%.} (26. Rxd6+ $142 $1 Kxd6 27. Qd4+ Qd5 {[#]} 28. Be7+ $1 {[%mdl 512]} Kxe7 29. Qxd5) 1-0

[Event "Budapest Spring Festival 2018"]
[Site "Budapest"]
[Date "2018.04.19"]
[Round "2"]
[White "Repka, Christopher"]
[Black "Krstulovic, Alex"]
[Result "1-0"]
[WhiteElo "2521"]
[BlackElo "2384"]
[Annotator "TA"]
[PlyCount "85"]
[EventDate "2018.??.??"]
[EventType "swiss"]
[EventCountry "HUN"]
[SourceTitle "playchess.com"]
[Source "ChessBase"]
[SourceQuality "1"]

{[%evp 14,85,20,0,1,0,2,-16,-3,-21,0,0,0,-8,-5,-9,0,0,32,35,24,29,108,116,119,106,89,96,98,69,79,71,73,78,70,64,74,64,100,68,60,79,246,252,241,239,308,309,403,414,416,401,453,454,414,371,377,290,290,305,312,312,583,583,558,554,554,539,536,539,537,528,518,512]} 1. Nf3 d5 2. g3 Nf6 3. Bg2 c6 4. O-O Bg4 5. h3 Bh5 6. d3 {A07: Réti Opening: New York and Capablanca Systems} (6. d4 e6 7. c4 Nbd7 8. cxd5 exd5 9. Ne5 Ne4 10. Nd2 Nxd2 11. Bxd2 Nxe5 12. dxe5 Bc5 13. Kh2 O-O {½-½ (32) Svidler,P (2768)-Karjakin,S (2753) Wijk aan Zee 2018}) 6... e6 7. c4 Bd6 8. cxd5 {LiveBook: 4 Games. The position is equal.} cxd5 9. Qb3 Qd7 10. Bg5 Nc6 11. Nbd2 {[%cal Bb1d2,Bd2f3,Bf3g5][%mdl 32]} h6 $146 12. Bxf6 $1 gxf6 13. e4 dxe4 14. dxe4 O-O-O 15. Rac1 Bxf3 16. Nxf3 Kb8 17. Rfd1 Qc7 (17... Ne5 $1 $11 {keeps the balance.}) 18. e5 $1 $16 fxe5 19. Ng5 Bc5 20. Rxd8+ Nxd8 21. Nxf7 Bxf2+ $1 ({Not} 21... Nxf7 $2 22. Rxc5 $1 {[%mdl 512]} Qe7 23. Qb4 $18) 22. Kxf2 Qxf7+ 23. Kg1 $1 {Threatens to win with Qc3.} Qd7 24. Rc4 {[%mdl 1024] White has compensation.} Qd6 25. Kh2 $40 {[%mdl 128] White has some attack.} Rh7 26. Qe3 Nc6 27. Rh4 Nd4 $2 (27... Rf7 $16) 28. Rxh6 $18 Rxh6 29. Qxh6 a6 {intending ...Nf5.} 30. Qg7 {[%csl Gg2][%cal Rg7b7]} Nc6 31. h4 {[%cal Bh3h4,Bh4h5][%mdl 32]} Qc5 32. Qg8+ Ka7 33. Qxe6 Qc2 34. h5 Qe2 35. h6 {Strongly threatening h7.} Nd4 {[#]} 36. Qf6 $1 {Hoping for h7.} Qh5+ 37. Qh4 Qe2 $2 (37... Nf3+ 38. Bxf3 Qxf3) 38. Qe4 {[%csl Gg2][%cal Re4b7] White is clearly winning.} Qh5+ {[#]} 39. Kg1 $1 {[%csl Gg2][%cal Re4b7]} Qd1+ 40. Bf1 {And now h7 would win.} Qh5 41. h7 {Black must now prevent Bg2.} Nf3+ 42. Kf2 {aiming for Bg2.} Ng5 43. Qe3+ {Precision: White = 74%, Black = 48%.} 1-0

[Event "Budapest Spring Festival 2018"]
[Site "Budapest"]
[Date "2018.04.19"]
[Round "2"]
[White "Kotronias, Vasilios"]
[Black "Reznak, Attila"]
[Result "1-0"]
[WhiteElo "2509"]
[BlackElo "2280"]
[Annotator "TA"]
[PlyCount "69"]
[EventDate "2018.??.??"]
[EventType "swiss"]
[EventCountry "HUN"]
[SourceTitle "playchess.com"]
[Source "ChessBase"]
[SourceQuality "1"]

{[%evp 19,69,18,29,-36,-30,-34,45,44,44,35,70,70,81,66,72,73,93,54,76,64,70,48,45,6,66,38,52,0,36,0,0,0,12,20,64,55,106,103,121,71,86,63,287,262,639,628,1017,625,570,584,1700,1586]} 1. e4 c5 2. Nf3 e6 3. d4 cxd4 4. Nxd4 Nc6 5. Nc3 Qc7 6. Be3 a6 7. Qf3 {B48: Sicilian: Taimanov: 5 Nc3 Qc7 6 Be3 a6 without Be2} Nf6 8. O-O-O Nxd4 9. Bxd4 e5 10. Be3 d6 {LiveBook: 14 Games} 11. Bg5 $146 (11. Bd3 $11) ({Find the theoretical novelty and annotate with similar games:} 11. h3 b5 12. Bd3 b4 13. Nd5 Nxd5 14. exd5 a5 {½-½ (43) Caruana,F (2804)-Harikrishna,P (2763) Shamkir 2016}) 11... Bg4 $15 12. Nd5 Nxd5 (12... Qc8 $15 13. Nxf6+ gxf6 14. Qxf6 Bxd1 15. Kxd1 Rg8) 13. Qxg4 $14 Rc8 {[%csl Gc8][%cal Rc7c2]} 14. c4 Nb4 15. Kb1 h5 16. Qh3 Be7 17. Bd2 Nc6 18. Bc3 Rh6 19. f4 Rd8 20. Be2 Bf6 21. Rhf1 h4 (21... exf4 $11 22. Rxf4 Be5) 22. Rd3 Qe7 23. Rdf3 (23. f5 $14) 23... Qd7 24. g4 {g5 is the strong threat.} hxg3 $1 25. Qxg3 exf4 26. Rxf4 Ne5 27. h4 $1 {[%cal Bh2h4,Bh4h5][%mdl 32]} Qe6 (27... Qc6 $14) 28. h5 $16 Kf8 29. Rg1 Re8 30. a3 Rd8 $2 {[#]} (30... b6 $14) 31. c5 $1 $18 {[%cal Bc4c5,Bc5d6][%mdl 544]} g5 $2 (31... Rc8) (31... dxc5 32. Rxf6) 32. cxd6 {White is clearly winning.} Nd7 33. e5 Nxe5 {[#]} 34. Rxf6 $1 {[%mdl 512]} Qxf6 35. Bxe5 {Precision: White = 35%, Black = 28%.} 1-0

[Event "Budapest Spring Festival 2018"]
[Site "Budapest"]
[Date "2018.04.19"]
[Round "2"]
[White "Korpa, Bence"]
[Black "Secheres, Adrian-Simion"]
[Result "1/2-1/2"]
[WhiteElo "2499"]
[BlackElo "2377"]
[Annotator "TA"]
[PlyCount "130"]
[EventDate "2018.??.??"]
[EventType "swiss"]
[EventCountry "HUN"]
[SourceTitle "playchess.com"]
[Source "ChessBase"]
[SourceQuality "1"]

{[%evp 16,130,33,18,129,118,127,127,173,166,164,164,178,170,187,166,164,159,156,159,163,162,156,153,150,134,156,156,160,156,160,158,158,159,156,156,156,156,156,156,156,154,154,154,156,157,160,137,162,156,165,164,164,164,164,164,164,164,164,164,172,163,330,181,181,164,191,0,181,164,164,113,164,164,161,113,113,113,113,113,113,13,12416,12839,29943,29954,29956,29959,29956,29946,12767,0,12806,12806,12022,9690,5119,222,223,217,228,154,230,230,230,230,10800,109,109,109,109,109,109,109,109,109,109]} 1. d4 Nf6 2. c4 g6 3. g3 Bg7 4. Bg2 O-O 5. Nc3 d6 6. Nf3 Nc6 7. O-O e5 8. dxe5 {E62: King's Indian: Fianchetto: 6...c6 and Panno Variation (6...Nc6) without ...a6} Nxe5 (8... dxe5 9. Bg5 Be6 10. Qc1 Qb8 11. Rd1 Nd7 12. Bh6 f6 13. Bxg7 Kxg7 14. b3 Rf7 15. Qb2 Qf8 16. Rd2 Rd8 17. Rad1 Nb6 18. Rxd8 Nxd8 {½-½ (35) Vidit,S (2721)-Naiditsch,A (2700) Hungary 2017}) 9. b3 {LiveBook: 13 Games} a5 (9... c6 $11 {remains equal.}) 10. Nxe5 $16 dxe5 11. Ba3 $146 ({Predecessor:} 11. Bd2 c6 12. Qc1 Be6 13. Bg5 Qd7 14. Bh6 {0-1 (48) Hyl,M (1532)-Miculka,D Ostrava 2006}) 11... Re8 12. Qxd8 $1 Rxd8 13. Rad1 Bf5 14. Bxb7 {Black must now prevent e4.} Rab8 15. Rxd8+ Rxd8 16. Rd1 Rxd1+ 17. Nxd1 Bf8 18. Bb2 Bd6 19. Nc3 Kf8 20. Bc6 Bc2 21. Na4 Bb1 22. c5 Be7 23. a3 Bc2 24. Bxe5 Bxb3 25. Bxc7 Bxa4 26. Bxa4 {Threatens to win with c6.} Bxc5 27. Bxa5 Bxa3 {[%mdl 4096] Endgame KBB-KBN} 28. Bc6 Ke7 29. Kg2 Bc5 30. h3 Kd6 31. Bb7 Nd7 32. e4 f6 33. Bc3 Ke7 34. f4 Nf8 35. h4 Ne6 36. Bd5 Nd4 37. Bc4 h6 38. Bd2 Ne6 $2 (38... Nc2 39. Kf3 Nd4+ 40. Kg4 Nc2) 39. g4 (39. f5 $142 gxf5 40. exf5) 39... Nd4 40. Kg3 Bd6 41. Kg2 Bc5 $1 42. Bd5 Nc2 43. Bb3 (43. Kf3 $18) 43... Nd4 (43... Bb4 $16) 44. Bc4 $18 Nc2 45. Bd3 Bb4 46. Bxb4+ ({But not} 46. Bxc2 Bxd2 47. Kf3 g5 $14) 46... Nxb4 $16 {KB-KN} 47. Bc4 g5 48. Kf3 ({White should try} 48. h5 $1 $16) 48... Nc2 $2 {[%mdl 8192]} (48... gxh4 $11 49. Kg2 Kd6) 49. fxg5 $18 fxg5 50. hxg5 hxg5 51. e5 Ne1+ 52. Kf2 Nc2 53. Kf3 Ne1+ $1 54. Ke4 Ng2 55. Bd5 Nh4 56. Kd4 Ng6 57. Be4 Nf4 58. Bc2 Ng2 (58... Ne6+ $16 {is a better defense.} 59. Ke4 Kd8) 59. Ke4 Nh4 60. Bb3 Kd7 $2 (60... Kf8 61. Ba2 Ke7) 61. e6+ $2 (61. Bf7 $18 {is more deadly.} Ke7 62. Bc4) 61... Ke7 $16 {[#]White is better.} 62. Ba2 $1 {aiming for Ke5.} Kf6 {[#]} 63. Kd5 $1 Ng6 64. Kd6 Ne7 65. Kd7 Ng8 {Precision: White = 66%, Black = 52%.} 1/2-1/2

[Event "Budapest Spring Festival 2018"]
[Site "Budapest"]
[Date "2018.04.19"]
[Round "2"]
[White "Galyas, Miklos"]
[Black "Kumar, Nikhil"]
[Result "1-0"]
[WhiteElo "2495"]
[BlackElo "2287"]
[Annotator "TA"]
[PlyCount "95"]
[EventDate "2018.??.??"]
[EventType "swiss"]
[EventCountry "HUN"]
[SourceTitle "playchess.com"]
[Source "ChessBase"]
[SourceQuality "1"]

{[%evp 29,95,14,25,0,0,0,33,37,33,31,32,29,55,47,59,54,62,63,65,64,64,64,64,67,79,72,197,195,211,135,129,98,98,98,163,127,229,229,228,219,211,218,417,411,397,387,366,370,584,572,471,503,1932,1891,1710,1625,7841,5370,29963,29965,29963,29962,29983,29972,29985,29983,29988,29989]} 1. c4 e6 2. g3 d5 3. Bg2 Nf6 4. Nf3 Be7 5. O-O O-O 6. b3 c5 7. Bb2 Nc6 8. e3 b6 9. Nc3 Bb7 10. cxd5 Nxd5 11. Nxd5 Qxd5 12. d4 Qf5 {A14: English Opening: 1...e6 with b3 by White} 13. Ne5 Nxe5 14. Bxb7 Rad8 15. Qe2 Qd3 {[#] LiveBook: 3 Games} 16. Qxd3 $146 (16. Ba6 {with more complications.} Qxe2 17. Bxe2 cxd4 18. Bxd4 Nc6 19. Bc3) ({Predecessor:} 16. Rae1 Qxe2 17. Rxe2 Nd3 18. Ba1 cxd4 19. Bxd4 Bf6 20. Bxf6 gxf6 {1-0 (99) So,W (2788)-Dominguez Perez,L (2739) Saint Louis 2017}) 16... Nxd3 17. Ba3 Nb4 18. Bxb4 $1 cxb4 19. Rac1 Bd6 20. f4 Rd7 21. Ba6 Rfd8 22. Bb5 Rc7 23. Rxc7 Bxc7 $14 {[%mdl 4096] Endgame KRB-KRB} 24. Rc1 Bd6 25. Kf2 f5 26. Bc4 Kf7 27. e4 {[%cal Be3e4,Be4e5][%mdl 32]} g6 {[#]} (27... fxe4 $16 {keeps fighting.} 28. f5 Be7) 28. e5 $1 $18 {[%cal Re5d6]} Bb8 29. Ke3 Rd7 30. h3 Rc7 31. Rd1 Rc8 (31... Ke7 $16) 32. g4 {Hoping for d5.} Rd8 (32... b5 $16 33. Bxb5 Rc3+ 34. Rd3 Rxd3+ 35. Kxd3 (35. Bxd3 Bc7 $16) 35... Ke7) 33. gxf5 gxf5 34. d5 exd5 35. Bxd5+ Ke7 $2 {[#]} (35... Kf8 36. Kd4 Kg7 37. Rg1+ Kh6) 36. Kd4 $1 Bc7 37. Rg1 Rd7 38. Rg5 b5 (38... Kf8 {was worth a try.} 39. Rxf5+ Kg7 40. Rg5+ Kh6) 39. Rxf5 Bb6+ 40. Ke4 Kd8 (40... Rc7 $142 41. Rh5 Kf8) 41. Rf8+ Kc7 42. f5 {[%cal Bf4f5,Bf5f6][%mdl 32]} Bc5 43. Rg8 Rd8 44. Rxd8 {White mates.} Kxd8 45. f6 a5 46. e6 a4 47. Bc6 axb3 48. axb3 {Precision: White = 86%, Black = 26%.} 1-0

[Event "Budapest Spring Festival 2018"]
[Site "Budapest"]
[Date "2018.04.19"]
[Round "2"]
[White "Jarmula, Lukasz"]
[Black "Ongut, Tamas Gunes"]
[Result "1-0"]
[WhiteElo "2492"]
[BlackElo "2256"]
[Annotator "TA"]
[PlyCount "73"]
[EventDate "2018.??.??"]
[EventType "swiss"]
[EventCountry "HUN"]
[SourceTitle "playchess.com"]
[Source "ChessBase"]
[SourceQuality "1"]

{[%evp 20,73,52,39,55,37,40,34,117,117,118,118,118,114,129,96,93,95,171,117,174,175,224,68,77,87,181,181,161,175,173,155,177,179,205,202,189,191,674,671,675,668,675,645,622,622,554,504,459,0,29995,29996,29996,29997,29997,29998]} 1. d4 Nf6 2. c4 g6 3. Nc3 Bg7 4. e4 d6 5. Be2 O-O 6. Bg5 Na6 7. Qd2 c5 8. d5 e6 {E73: King's Indian: Averbakh Variation without 6...c5} 9. Nf3 exd5 10. exd5 Re8 11. O-O {LiveBook: 9 Games} Bf5 (11... Qb6 12. Bd3 Bd7 13. h3 Nb4 14. Bb1 Qa6 15. Bxf6 Bxf6 16. Qf4 {1-0 (34) Yu,Y (2750)-Wan,Y (2492) China 2017}) 12. Nh4 Bd7 13. Rae1 h6 $146 (13... Rb8 $14) ({Predecessor:} 13... Nc7 14. Qf4 h6 15. Bxh6 Nfxd5 16. cxd5 Be5 17. Qg5 Bf6 18. Qg3 Bxh4 19. Qxd6 {1-0 (31) Jokic,T-Konjevic,D Yugoslavia 1980}) 14. Bxh6 $16 Ne4 15. Nxe4 Rxe4 16. Nf3 Qf6 17. Bxg7 Kxg7 18. Bd3 Rg4 {[#]} (18... Rf4 $16 {was necessary.}) 19. Qc3 ({White should try} 19. Re3 $1 $18) 19... Nb4 (19... b5 $16 {keeps fighting.}) 20. Bb1 $36 {[%mdl 2048] Black is under strong pressure.} Bf5 21. Re7 $2 (21. Bxf5 $18 gxf5 22. h3) 21... Bxb1 $14 22. Rxb1 Rxc4 (22... b5 $16 {was worth a try.}) 23. Rxf7+ $1 $18 ({Much less strong is} 23. Qxc4 $6 Qxe7 24. a3 Na6 $14) 23... Kxf7 24. Qxc4 {And now a3 would win.} Re8 25. h4 Kg7 26. a3 Qf5 27. Qc3+ Kg8 {[#]} 28. Rd1 $1 Qc2 $2 (28... Na6 29. Re1 Nc7 30. Rxe8+ Nxe8) 29. Re1 Rxe1+ 30. Qxe1 Nd3 31. Qe6+ Kg7 32. Qe7+ Kg8 33. Qe8+ Kg7 34. Qe7+ $2 (34. Kh2 $18 {Intending Ng5 and mate.} Qc1 35. Qe7+ Kg8 36. Qe8+ (36. Qxb7 Qf4+ 37. Kg1 Qc1+ 38. Kh2 Qf4+ 39. Kh1 Qc1+ 40. Kh2 $11) 36... Kg7 37. Qd7+ Kg8 38. Qe6+ (38. Qxb7 Qf4+ 39. Kh1 Qc1+ 40. Kh2 Qf4+ 41. Kg1 Qc1+ 42. Kh2 $11) 38... Kg7 39. Qe7+ Kg8 40. Qxd6 Qf4+ 41. Qxf4 Nxf4 42. d6) 34... Kh6 $2 {[%mdl 8192]} (34... Kg8 $11) 35. Qf8+ {White mates.} Kh5 {[#]} 36. g4+ $1 {[%mdl 512]} Kxg4 37. Nh2+ {Precision: White = 71%, Black = 39%.} 1-0

[Event "Budapest Spring Festival 2018"]
[Site "Budapest"]
[Date "2018.04.19"]
[Round "2"]
[White "Horvath, Adam"]
[Black "Krishna Teja, N."]
[Result "1-0"]
[WhiteElo "2486"]
[BlackElo "2368"]
[Annotator "TA"]
[PlyCount "89"]
[EventDate "2018.??.??"]
[EventType "swiss"]
[EventCountry "HUN"]
[SourceTitle "playchess.com"]
[Source "ChessBase"]
[SourceQuality "1"]

{[%evp 19,89,11,20,-16,17,0,5,0,41,37,96,96,96,95,85,98,87,91,112,113,110,95,103,103,109,118,149,153,153,158,152,141,134,112,186,186,333,182,310,331,292,250,473,472,470,275,475,476,620,618,642,525,608,547,983,0,0,0,1002,991,964,961,820,686,7227,7187,29957,29949,5820,5181,4894,2584]} 1. e4 c6 2. d4 d5 3. Nc3 dxe4 4. Nxe4 Bf5 5. Ng3 Bg6 6. h4 h6 7. Nf3 e6 8. h5 Bh7 9. Bd3 Bxd3 10. Qxd3 Nf6 {LiveBook: 691 Games} 11. O-O {B19: Classical Caro-Kann: 4...Bf5 main line} (11. Bd2 Be7 12. O-O-O O-O 13. Kb1 c5 14. Be3 Nbd7 15. dxc5 Nxc5 16. Qxd8 Rfxd8 17. Ne5 Nd5 18. Bxc5 Bxc5 19. Ne4 Be7 20. c4 Nf6 21. Nxf6+ gxf6 {0-1 (47) Khachiyan,M (2522)-Nakamura,H (2781) chess.com INT 2018}) 11... c5 12. Be3 $146 ({Predecessor:} 12. c3 Nc6 13. Bf4 cxd4 14. cxd4 a6 15. Rac1 Nb4 16. Qc4 Qd5 17. Qxd5 Nbxd5 18. Rc2 Nxf4 {0-1 (38) Khadeev,G-Makoveev,I Kislovodsk 2013}) 12... cxd4 13. Nxd4 {The position is equal.} Nc6 14. Rad1 Be7 {[#]} (14... Qc8 $14) 15. Nxe6 $1 $16 Qxd3 16. Nxg7+ Kf8 17. Rxd3 {And now N7f5 would win.} Kxg7 18. Nf5+ Kh7 19. Nxe7 Nxe7 20. Bd4 Nfd5 21. Bxh8 Rxh8 22. Rfd1 Nb6 23. c4 Rc8 24. b3 Rc5 25. g4 Kg7 26. Kg2 Re5 (26... f5 $16) 27. Kg3 $18 a5 (27... Rc5 {is a better defense.} 28. f4 a6) 28. Kf4 (28. Re3 $142 Rxe3+ 29. fxe3) 28... Nc6 (28... Rc5 $142 29. Re1 Rc7) 29. Re3 Rc5 30. a4 Rg5 $2 {[#]} (30... Nb8 {was called for.} 31. Rd6 Rc6) 31. Re8 Rc5 32. f3 (32. Rd6 $142) 32... Rg5 $2 (32... f6 33. Rd6 Kf7) 33. Rd6 Rc5 34. Kg3 Rg5 35. Kh3 Rc5 36. Kh4 Kh7 37. Rf8 Kg7 38. Re8 Kh7 $1 39. f4 {[%cal Bf3f4,Bf4f5][%mdl 32]} Kg7 40. f5 f6 41. Ree6 Nxc4 42. bxc4 Rxc4 43. Rd7+ Kf8 44. Rxf6+ Ke8 45. Rxb7 {Precision: White = 67%, Black = 33%.} 1-0

[Event "Budapest Spring Festival 2018"]
[Site "Budapest"]
[Date "2018.04.19"]
[Round "2"]
[White "Reshef, Omer"]
[Black "Szeberenyi, Adam"]
[Result "1/2-1/2"]
[WhiteElo "2482"]
[BlackElo "2366"]
[Annotator "TA"]
[PlyCount "36"]
[EventDate "2018.??.??"]
[EventType "swiss"]
[EventCountry "HUN"]
[SourceTitle "playchess.com"]
[Source "ChessBase"]
[SourceQuality "1"]

{[%evp 17,36,22,29,-12,-13,-22,-16,-16,-10,-14,-19,-18,-18,-30,12,-10,-8,-9,-9,-25,-14]} 1. d4 Nf6 2. Nf3 e6 3. Bf4 d5 4. e3 c5 5. c3 Nc6 6. Nbd2 Bd6 7. Bg3 Bxg3 8. hxg3 Qd6 9. Bb5 Bd7 {LiveBook: 38 Games. D02: 1 d4 d5 2 Nf3 sidelines, including 2...Nf6 3 g3 and 2...Nf6 3 Bf4} 10. O-O (10. Bxc6 Bxc6 11. Ne5 Qc7 12. Qf3 h6 13. Qf4 Qe7 14. g4 Nh7 15. Qg3 Rg8 16. O-O Nf6 17. Rac1 {1-0 (29) Carlsen,M (2857)-Ghaem Maghami,E (2566) Baku 2016}) 10... O-O 11. Bxc6 Bxc6 {The position is equal.} 12. Ne5 Nd7 13. Nxd7 $146 ({Predecessor:} 13. f4 f6 14. Nxd7 Bxd7 15. Nf3 Be8 16. g4 Bg6 17. g5 {1-0 (55) Ilic,Z (2261)-Todorovic,M (2106) Obrenovac 2010}) 13... Bxd7 14. Qb3 b6 15. a4 {[%cal Ba2a4,Ba4a5][%mdl 32]} e5 16. a5 exd4 17. exd4 cxd4 18. cxd4 Rab8 1/2-1/2